Sports Quiz

Random Sports or Basketball Quiz

Longest String of Unique Champs: NCAA Basketball Quiz Stats

 Plays Quiz Updated Mar 24, 2019

Support Sporcle.
Go Orange.
Score 0/10 Timer 04:00
0 Plays Today
Year Champion % Correct
1991Duke
95.8%
1982North Carolina
92.4%
1989Michigan
84.7%
1988Kansas
79.8%
1985Villanova
76.9%
1983North Carolina State
74%
1984Georgetown
73.9%
1987Indiana
72.8%
1990UNLV
70.6%
1986Louisville
60.8%

From the Vault

TV Theme Songs: First Lines

by JoeBeta

These theme songs know how to make a first impression.
Remove Ads.
Support Sporcle.
Get the best of Sporcle when you Go Orange. This ad-free experience offers more features, more stats, and more fun while also helping to support Sporcle. Thank you for becoming a member.

Show Comments

Extras

Top Quizzes Today


Score Distribution

Your Account Isn't Verified!

In order to create a playlist on Sporcle, you need to verify the email address you used during registration. Go to your Sporcle Settings to finish the process.

Report this User

Report this user for behavior that violates our Community Guidelines.

Details: